Normal view
MARC view
- الاعلان- الترويج
Entry Topical Term
001 - CONTROL NUMBER
- control field: 32106
003 - CONTROL NUMBER IDENTIFIER
- control field: JO-AjAnu
005 - DATE AND TIME OF LATEST TRANSACTION
- control field: 20230606075411.0
008 - FIXED-LENGTH DATA ELEMENTS
- fixed length control field: 230606|| aca||aabn | a|a d
040 ## - CATALOGING SOURCE
- Original cataloging agency: JO-AjAnu
- Transcribing agency: JO-AjAnu
150 ## - HEADING--TOPICAL TERM
- Topical term or geographic name entry element: الاعلان- الترويج
670 ## - SOURCE DATA FOUND
- Source citation: Work cat.: (JO-AjAnu)16491: اعداد: الدسوقي، محمد السيد البدوي, author 32105, الترويج والاعلان: كيف تروج منتجاتك وكيف تعلن عن مشروعك: اساسيات الاعلان: وسائل الاعلان المختلفة، تنظيم الحملات الاعلانية لمنتجاتك، ارشادات وقواعد الاعلان المتميز